00816nam a2200217Ii 45000010005000000030009000050080041000140400033000550410008000880820020000961000029001162450077001452640070002223000012002923360026003043370028003303380027003589400050003859990017004359520146004525314CO-ViMGA241108s9999||||xx |||||||||||||| ||und|| aCO-ViMGAbspaerdacCO-ViMGA0 aunk04a808.83936-G748g1 aJanusz Grabianski95526110a gran libro de las fieras:bLos mejores cuentos de animales salvajes 1a[Lugar de publicación no identificado] : Editorial Noguer, 1970 avolumen atextbtxt2rdacontent aunmediatedbn2rdamedia avolumebnc2rdacarrier aidficha_siabuc: 5172. -- ficha_no_siabuc:5314 c52735d52735 001040708001aMEVIGERRbMEVIGERRcGENd2006-11-27hVol.1o808.83936-G748gpECA4424r2024-11-26 10:09:26tEj.1w2024-11-26yBKz5172 | 7384